Library of the University of Algiers 3
Ibrahim Sultan Cheibout
شعار جامعة الجزائر 3
مكتبة جامعة الجزائر 3
إبراهيم سلطان شيبوط

غش الخصوم كسبب للطعن بالتماس إعادة النظر / (رقم التسجيلة. 42671)

تفاصيل مارك
000 -LEADER
fixed length control field 01313nam a2200217Ia 4500
003 - CONTROL NUMBER IDENTIFIER
control field Ost
005 - DATE AND TIME OF LATEST TRANSACTION
control field 20260507075052.0
008 - FIXED-LENGTH DATA ELEMENTS--GENERAL INFORMATION
fixed length control field 260507s9999||||xx |||||||||||||| ||und||
040 ## - CATALOGING SOURCE
Transcribing agency fsecg
041 ## - LANGUAGE CODE
Language code of text/sound track or separate title ara
082 ## - DEWEY DECIMAL CLASSIFICATION NUMBER
Classification number 347.6208
100 ## - MAIN ENTRY--PERSONAL NAME
Personal name يوسف، سنية أحمد
Relator term مؤلف
245 #0 - TITLE STATEMENT
Title غش الخصوم كسبب للطعن بالتماس إعادة النظر /
Statement of responsibility, etc. سنية أحمد يوسف
260 ## - PUBLICATION, DISTRIBUTION, ETC.
Place of publication, distribution, etc. الاسكندرية:
Name of publisher, distributor, etc. دار الجامعة الجديدة للنشر,
Date of publication, distribution, etc. 2002
300 ## - PHYSICAL DESCRIPTION
Extent 417 صفحة؛
Dimensions 24 سم
490 ## - SERIES STATEMENT
Series statement المكتبة القانونية
520 ## - SUMMARY, ETC.
Summary, etc. في التماس اعادة النظر ، شروط قبول الطعن بالتماي اعادة النظر وخصومته والخصم فيه، آثار الطعن بالتماس اعادة النظر، التميز بين الطعن بالتماس اعادة النظر وغيره من طرق الطعن غير العادية، فكرة الغش، الغش في قانون المرفقات، الغش في التماس اعادة النظر، دور الحسن النية في الرابطة القانونية للدعوى ودور القاضي في الخصومة المدنية، الغش الصادر من الخصوم
653 ## - INDEX TERM--UNCONTROLLED
Uncontrolled term غش الخصوم
653 ## - INDEX TERM--UNCONTROLLED
Uncontrolled term قانون
942 ## - ADDED ENTRY ELEMENTS (KOHA)
Koha item type كتب
المقتنيات
Withdrawn status Lost status Source of classification or shelving scheme Damaged status Not for loan Home library Current library Date acquired Serial enumeration / chronology Inventory number Total checkouts Full call number Barcode Date last seen Price effective from Koha item type
    Dewey Decimal Classification   NOT LOAN / إعارة داخلية مكتبة كلية العلوم الإقتصادية والعلوم التجارية وعلوم التسيير مكتبة كلية العلوم الإقتصادية والعلوم التجارية وعلوم التسيير 07/05/2026 الطابق الأرضي 665/1   أ/665ن1 665/1 07/05/2026 07/05/2026 كتب
    Dewey Decimal Classification   Available مكتبة كلية العلوم الإقتصادية والعلوم التجارية وعلوم التسيير مكتبة كلية العلوم الإقتصادية والعلوم التجارية وعلوم التسيير 07/05/2026 الطابق الثاني 665/2   أ/665ن2 665/2 07/05/2026 07/05/2026 كتب

موارد الويب المفتوحة


© University of Algiers 3 All Rights Reserved
|
Implemented by LECHELAH Riad